00672nam a2200193 a 4500020002700000020003000027082001200057100003400069245002000103250001200123260004600135300000900181520006400190650003100254856007000285942000800355999001500363952010000378 a069724167X (paperback) a9780697241672 (paperback) a611 GRA1 aGraaff, van de Graaff Van De.10aHuman anatomy : a4th ed. a[S.l.] :bMcGraw-Hill Education - Europe, a103p aNotebook addition to Human Anatomy and Physiology textbook. ahuman anatomy,art notebook40uhttp://www.amazon.com/exec/obidos/ASIN/069724167X/chopaconline-20 cREF c1955d1955 0010708REFaICbICcGENd2015-08-26l0o611 GRAp003015r2015-08-26 00:00:00w2015-08-26yREF